'A' Entertainment Images Quiz Stats

 Plays Quiz Updated Apr 23, 2014

Challenge
Share
Tweet
Score 0/30 Timer 04:00
7 Plays Today
* ** % Correct
__________________
100%
__________________
99.9%
__________________
99.9%
__________________
99.9%
__________________
99.9%
__________________
99.9%
Alvin
91.4%
Annie
81.6%
Avatar
78.9%
Avril Lavigne
75.6%
Arnold
69.8%
Alicia Keys
66.1%
Apu Nahasapeemapetilon
65.5%
Alice in Wonderland
64.1%
Aladdin
62.1%
* ** % Correct
Archie Andrews
61%
Ally McBeal
57.6%
Aquaman
53.6%
AC/DC
36.7%
Aliens vs. Predator
36.4%
Aerosmith
32.6%
Andy Capp
32%
Avenue Q
29%
Ari Gold
28.3%
Angel
21.6%
Abed Nadir
19.8%
Archimedes
19.2%
Across the Universe
15.6%
Annyong
14.7%
All That Jazz
7.3%

You're not logged in!

Compare scores with friends on all Sporcle quizzes.
Join for Free
OR
Log In

You Might Also Like...

Show Comments

Extras

Top Quizzes Today


Score Distribution

Your Account Isn't Verified!

In order to create a playlist on Sporcle, you need to verify the email address you used during registration. Go to your Sporcle Settings to finish the process.

Report this User

Report this user for behavior that violates our Community Guidelines.

Details: